| 000 -LEADER |
| fixed length control field |
01306cam a2200433Ii 4500 |
| 001 - CONTROL NUMBER |
| control field |
827082584 |
| 003 - CONTROL NUMBER IDENTIFIER |
| control field |
OCoLC |
| 005 - DATE AND TIME OF LATEST TRANSACTION |
| control field |
20190729080011.0 |
| 008 - FIXED-LENGTH DATA ELEMENTS--GENERAL INFORMATION |
| fixed length control field |
130208t20132011nyu j 000 1 eng d |
| 020 ## - INTERNATIONAL STANDARD BOOK NUMBER |
| International Standard Book Number |
0316176893 (pbk.) |
| 020 ## - INTERNATIONAL STANDARD BOOK NUMBER |
| International Standard Book Number |
9780316176897 (pbk.) |
| 035 ## - SYSTEM CONTROL NUMBER |
| System control number |
(OCoLC)827082584 |
| 040 ## - CATALOGING SOURCE |
| Original cataloging agency |
YDXCP |
| Transcribing agency |
YDXCP |
| Modifying agency |
BTCTA |
| -- |
BDX |
| -- |
LAP |
| -- |
IMN |
| -- |
OCLCO |
| -- |
NYP |
| 049 ## - LOCAL HOLDINGS (OCLC) |
| Holding library |
NYPP |
| 082 04 - DEWEY DECIMAL CLASSIFICATION NUMBER |
| Classification number |
FIC PIT |
| 091 ## - MICROFILM SHELF LOCATION (AM) [OBSOLETE] |
| Microfilm shelf location |
FIC |
| 100 1# - MAIN ENTRY--PERSONAL NAME |
| Personal name |
Pitcher, Annabel. |
| Relator term |
author |
| 245 10 - TITLE STATEMENT |
| Title |
My sister lives on the mantelpiece : |
| Remainder of title |
a novel / |
| Statement of responsibility, etc. |
by Annabel Pitcher. |
| 250 ## - EDITION STATEMENT |
| Edition statement |
First paperback edition. |
| 264 #1 - PRODUCTION, PUBLICATION, DISTRIBUTION, MANUFACTURE, AND COPYRIGHT NOTICE |
| Place of production, publication, distribution, manufacture |
New York : |
| Name of producer, publisher, distributor, manufacturer |
Little, Brown and Company, |
| Date of production, publication, distribution, manufacture, or copyright notice |
2013. |
| 264 #4 - PRODUCTION, PUBLICATION, DISTRIBUTION, MANUFACTURE, AND COPYRIGHT NOTICE |
| Date of production, publication, distribution, manufacture, or copyright notice |
℗♭2011. |
| 300 ## - PHYSICAL DESCRIPTION |
| Extent |
211 pages ; |
| Dimensions |
21 cm. |
| 336 ## - CONTENT TYPE |
| Content type term |
text |
| Source |
rdacontent. |
| 337 ## - MEDIA TYPE |
| Media type term |
unmediated |
| Source |
rdamedia. |
| 338 ## - CARRIER TYPE |
| Carrier type term |
volume |
| Source |
rdacarrier. |
| 500 ## - GENERAL NOTE |
| General note |
Originally published: Great Britain : Orion Publishing Group, 2011. |
| 500 ## - GENERAL NOTE |
| General note |
Includes excerpt from author's next book, Ketchup clouds. |
| 650 #1 - SUBJECT ADDED ENTRY--TOPICAL TERM |
| Topical term or geographic name entry element |
Grief |
| Form subdivision |
Fiction. |
| 650 #1 - SUBJECT ADDED ENTRY--TOPICAL TERM |
| Topical term or geographic name entry element |
Family problems |
| Form subdivision |
Fiction. |
| 650 #0 - SUBJECT ADDED ENTRY--TOPICAL TERM |
| Topical term or geographic name entry element |
Grief |
| Form subdivision |
Fiction. |
| 650 #0 - SUBJECT ADDED ENTRY--TOPICAL TERM |
| Topical term or geographic name entry element |
Dysfunctional families |
| Form subdivision |
Fiction. |
| 651 #1 - SUBJECT ADDED ENTRY--GEOGRAPHIC NAME |
| Geographic name |
England |
| Form subdivision |
Fiction. |
| 651 #0 - SUBJECT ADDED ENTRY--GEOGRAPHIC NAME |
| Geographic name |
England |
| Form subdivision |
Fiction. |
| 901 ## - LOCAL DATA ELEMENT A, LDA (RLIN) |
| a |
dl |
| c |
CATBL |
| 901 ## - LOCAL DATA ELEMENT A, LDA (RLIN) |
| a |
MARS |
| 942 ## - ADDED ENTRY ELEMENTS (KOHA) |
| Source of classification or shelving scheme |
|
| Koha item type |
Books - Fiction |
| 945 ## - LOCAL PROCESSING INFORMATION (OCLC) |
| a |
.b199940691 |
| 946 ## - LOCAL PROCESSING INFORMATION (OCLC) |
| a |
m |